00743cam a22002171 4500001001300000003000400013005001700017008004100034010001700075035001900092040002500111042001200136050001600148100004100164245020000205260002300405300001900428650002000447700004100467999001700508ca 11002412 DLC20260227111056.0780825s1910 nyu 000 0 eng  aca 11002412  a(OCoLC)4167638 aDLCcNPVdOCoLCdDLC apremarc00aHQ1426b.S81 aStanton, Elizabeth Cady,d1815-1902.10aSolitude of self;ban address delivered by Elizabeth Cady Stanton,cbefore the United States Congressional Committee on the Judiciary, Monday, January 18, 1892, ed. by Harriot [!] Stanton Blatch. a[New York?c1910?] a 20 p.c18 cm. 0aWomen's rights.1 aBlatch, Harriot Stanton,d1856-1940. c14528d14528